| 000 | 01473cac a22003855a 4500 | ||
|---|---|---|---|
| 005 | 20150819110517.0 | ||
| 008 | 111103s2008 nyua|||| |||| 001 0 eng d | ||
| 010 | _a 2006024364 | ||
| 020 | _a0073121932 (hard copy : alk. paper) | ||
| 020 | _a0071268960 | ||
| 020 | _a9780073121932 (hard copy : alk. paper) | ||
| 020 | _a9780071268967 | ||
| 035 | _a(OCoLC)ocm70836665 | ||
| 035 | _a(OCoLC)70836665 | ||
| 040 |
_aEG-ScBUE _beng _cEG-ScBUE |
||
| 082 | 0 | 4 |
_a621.815 _bBUD _222 |
| 100 | 1 |
_aBudynas, Richard G. _927711 |
|
| 245 | 1 | 0 |
_aShigley's mechanical engineering design / _cRichard G. Budynas, J. Keith Nisbett. |
| 250 | _a8th ed. | ||
| 260 |
_aNew York : _bMcGraw-Hill, _cc.2008. |
||
| 300 |
_axxv, 1055 p.: _bill. ; _c27 cm. |
||
| 490 | _aMcGraw-Hill series in mechanical engineering | ||
| 500 | _aIndex : p. 1040-1055. | ||
| 500 | _aPrevious ed. by Joseph Edward Shigley published under title: Mechanical engineering design. | ||
| 504 | _aIncludes bibliographical references. | ||
| 590 | _aDoha Ragab | ||
| 650 | 0 |
_aMachine design. _927713 _2BUEsh |
|
| 651 | _2BUEsh | ||
| 653 |
_cNovember2011 _bENGMEC |
||
| 700 | 1 |
_aNisbett, J. Keith. _927714 |
|
| 700 | 1 |
_aShigley, Joseph Edward. _tMechanical engineering design. _927715 |
|
| 856 | 4 | 1 |
_3Table of contents only _uhttp://www.loc.gov/catdir/toc/ecip0618/2006024364.html |
| 856 | 4 | 1 |
_3Publisher description _uhttp://www.loc.gov/catdir/enhancements/fy0701/2006024364-d.html |
| 942 |
_cBB _2ddc |
||
| 999 |
_c8452 _d8452 |
||